000
00319nam a2200133Ia 4500
005
20251222141823.0
008
251222s9999||||xx |||||||||||||| ||spa||
020
_a
978-84-9842-446-1
082
_a
370.154/G31
100
_a
Gavilén Bouzas, Paloma
245
0
_a
Aprendizaje Cooperativo:
264
_b
CCS
942
_c
LIB
999
_c
6856
_d
6856